000 01440cam a22002891i 4500
003 SA-RiAUC
005 20250805053855.0
008 250802s1981 su g 00000 ara c
040 _aSA-RiAUC
_bara
_cSA-RiAUC
_erda
050 4 _b.S26 1981
082 0 4 _a232.64
_qSA-RiAUC
090 _a232.64
_b س م هـ
100 1 _aالسمهودي، علي بن عبد الله بن أحمد،
_d844-911 هجري
_eمؤلف.
245 1 2 _aالغماز على اللماز في الأحاديث المشتهرة /
_cتأليف أبي الحسن نور الدين السمهودي ؛ تحقيق وتخريج محمد إسحاق محمد إبراهيم السلفي.
250 _aالطبعة الأولى.
264 1 _aالرياض :
_bدار اللواء للنشر والتوزيع،
_c1981
300 _a175 صفحة ؛
_c23 سم
336 _aنص
_btxt
_2rdacontent
_3كتاب
337 _aبدون وسيط
_bn
_2rdamedia
338 _aمجلد
_bnc
_2rdacarrier
650 7 _aالحديث الموضوع
_2aucsh
650 7 _aالحديث
_xالإسناد الضعيف
_2aucsh
700 1 _aالسلفي، محمد إسحاق محمد إبراهيم
_eمحقق.
700 1 2 _iتحقيق لـ :
_aالسمهودي، علي بن عبد الله بن أحمد،
_d844-911 هجري.
_tالغماز على اللماز في الأحاديث المشتهرة
942 _2ddc
_cBOOK
_n0
949 _aSA-JeALM
_d250802
_umohamedma123
_n1
999 _c10541
_d10541